Rust weapons - sudden death - Statistics

General Stats
  • This quiz has been taken 982 times
  • The average score is 8 of 16
Answers on the Grid
Answers color-coded by a green-red scale on the quiz's grid according to % correct below.
Ak
Scar
Cannon
LR-300
L96
Wooden Spear
Mace
Deagle
Flamethrower
Minigun
Musket
AR-100
Nailgun
Salvaged Pencil Sword
Thompson
MP5
A-91
M4A1
P2
F1 nade
Flaregun
Speargun
Spas
Semi Automatic Rifle
HMG
Missile launcher
Grenade Launcher
Mosin
 
Answer Stats
Answer % Correct
Ak
91%
L96
67%
Nailgun
61%
Flamethrower
56%
LR-300
56%
Wooden Spear
55%
MP5
50%
Mace
47%
Thompson
46%
Minigun
45%
F1 nade
38%
P2
38%
Semi Automatic Rifle
37%
Spas
31%
Speargun
31%
Grenade Launcher
29%
No matching quizzes found
Score Distribution
Percent of People with Each Score
Percentile by Number Answered
Your Score History
You have not taken this quiz